10 best NBA players per position - Statistics

General Stats
  • This quiz has been taken 72 times
  • The average score is 36 of 50
Answer Stats
Hint Answer % Correct
SG Michael Jordan
98%
PG Stephen Curry
98%
PG Magic Johnson
97%
SG Kobe Bryant
95%
SF LeBron James
93%
C Shaquille O'Neal
93%
PF Tim Duncan
93%
SF Kevin Durant
90%
C Wilt Chamberlain
90%
C Kareem Abdul-Jabbar
88%
PG Steve Nash
88%
C Hakeem Olajuwon
86%
SG Jerry West
86%
PF Kevin Garnett
83%
SG Allen Iverson
81%
SG Dwyane Wade
81%
SG James Harden
81%
PG Jason Kidd
81%
PG John Stockton
81%
C Nikola Jokić
81%
PF Karl Malone
80%
SF Larry Bird
80%
C Moses Malone
80%
PF Giannis Antetokounmpo
78%
SF Kawhi Leonard
78%
PG Russell Westbrook
78%
SF Scottie Pippen
78%
PG Chris Paul
76%
PF Dirk Nowitzki
76%
PG Oscar Robertson
76%
C Bill Russell
75%
SF Julius Erving
75%
PG Isiah Thomas
71%
C David Robinson
69%
PF Charles Barkley
68%
C Patrick Ewing
64%
SG Ray Allen
64%
SG Reggie Miller
59%
PG Luka Dončić
58%
SG Klay Thompson
56%
PF Bob Pettit
53%
SF Paul Pierce
53%
C Dwight Howard
51%
SF John Havlicek
51%
PF Anthony Davis
46%
SF Carmelo Anthony
46%
SG Tracy McGrady
41%
SF James Worthy
39%
PF Pau Gasol
34%
PF Chris Webber
24%
No matching quizzes found
Score Distribution
Percent of People with Each Score
Percentile by Number Answered
Your Score History
You have not taken this quiz